000
00296nam a22001337a 4500
008
170608b xxu||||| |||| 00| 0 eng d
020
_a
9780801314728
041
_a
eng
080
_2
3ED
_a
327
100
_a
18
101
_a
shp
245
_a
EUROPEAN DEMOCRACY
_c
STEINER.J
942
_2
udc
_c
BK
999
_c
16472
_d
16472